| 000 | 00620nam a2200193 i 4500 | ||
|---|---|---|---|
| 001 | 80546 | ||
| 003 | ES-MaACL | ||
| 005 | 20231215062951.0 | ||
| 007 | t| | ||
| 008 | 041028s1977 sp ||||1| spa d | ||
| 100 | 1 |
_aHölderlin, Friedrich. _964001 |
|
| 245 | 1 | 3 |
_aLa muerte de Empédocles _b: tragedia / _cFriedrich Hölderlin ; traducción y epílogo, Carmen Bravo-Villasante. |
| 260 |
_a[Madrid] : _bAyuso, _c[1977] |
||
| 300 |
_a121 p. ; _c20 cm. |
||
| 700 | 1 |
_aBravo-Villasante, Carmen, _d1918-1994 _931507 |
|
| 852 |
_aES-MaACL _jA-7373 _bR.96306 |
||
| 852 |
_aES-MaACL _jA-8488 _bR.97384 |
||
| 999 |
_c80546 _d80546 |
||